01489nam a2200277 a 450000100100000000500170001000800410002702000180006804000250008608200260011110000500013724500980018726000360028530000210032150000570034259000260039965000290042565000310045491000380048595201390052395201390066295201390080195201240094095201300106499900170119400003901320240412074259.0090429s2012 dr r 000 0 spa d z9789945165173 aDO-SdBNPbspacBNPHU aRD863.44bJ58ca, 20121 aJesús Ulerio, Luis Felipe de,d1970 -9133410aCatalepsia 2 :bmás cuentos de muertos contados por vivos /cLuis Felipe de Jesús Ulerio. aSanto Domingo :bBúho,c2012. a191 p. ;c22 cm. aIncluye datos biográficos del autor en las solapas aInventariado, 2018/BT 0aCuentos dominicanos9176 0aLiteratura dominicana.967 aValidado. Control de calidad. MFF 001154708DSaGRbGRcMId2017-10-12iLF1l0oRD863.44 J58ca, 2012p39013-30r2020-06-25te. 3w2020-06-25yLFDSZPréstamo en sala 001154708DSaGRbGRcMId2018-08-17iLF1l0oRD863.44 J58ca, 2012p39013-40r2020-06-25te. 4w2020-06-25yLFDSZPréstamo en sala 001154708DSaGRbGRcMId2018-08-17iLF1l0oRD863.44 J58ca, 2012p39013-50r2020-06-25te. 5w2020-06-25yLFDSZPréstamo en sala 0010718PDaPDbPDcHDd2013-05-13iLF1l0oRD863.44 J58ca, 2012p39013-10r2020-06-25w2020-06-25yLFPDZNo se presta 0010718PDaPDbPDcHDd2013-05-13iLF1l0oRD863.44 J58ca, 2012p39013-20r2020-06-25te. 2w2020-06-25yLFPDZNo se presta c38503d38503